000 00340nam a2200133Ia 4500
005 20251222141822.0
008 251222s9999||||xx |||||||||||||| ||spa||
020 _a9972-618-64-1
082 _a371.3/E16
100 _aEchegaray Villanueva, Marcela
245 0 _aAprender a Estudiar y Estudiar Para Aprender
264 _bTarea
942 _cLIB
999 _c6821
_d6821